| 000 | 00847cab a2200253 4500 | ||
|---|---|---|---|
| 001 | WB3411-32 | ||
| 008 | 090401t1998 xxu||||| |||| 00| 0 eng d | ||
| 035 | _a(Sirsi) u85061 | ||
| 041 | _aeng | ||
| 245 | _aScottish housing associations | ||
| 260 | _c1998 | ||
| 350 | _a0 | ||
| 490 |
_aHM Customs and Excise News Release _v(2) 17 March 1998 (2) |
||
| 520 | _aIt was announced in the Budget that developers in Scotland who convert commercial buildings into residential properties will have the same right to reclaim VAT as developers in the rest of the UK. Details. | ||
| 650 | _aHOUSING ASSOCIATIONS | ||
| 650 | _aHOUSING DEVELOPERS | ||
| 650 | _aOFFICE CONVERSIONS | ||
| 650 | _aRESIDENTIAL CONVERSIONS | ||
| 650 | _aSCOTLAND | ||
| 650 | _aVALUE ADDED TAX | ||
| 690 | _aHOUSING-DEVELOPMENT | ||
| 942 | _n0 | ||
| 948 | _c19/03/1998 | ||
| 999 |
_c53478 _d53478 |
||